banner-ar

شكلها باظت : (Record no. 61438)

MARC details
000 -الفاتح
حقل البيانات ثابتة الطول 00783nam a22002297a 4500
005 - وقت وتاريخ اخر تعامل مع التسجيلة
رقم الضبط 20240530110459.0
008 - عناصر البيانات ثابتة الطول - معلومات عامة
حقل البيانات ثابتة الطول 150622s2005 ua g 000 edara d
017 ## - رقم الايداع القانونى
رقم الايداع القانونى 2005/22375
المصدر ( الهيئة المختصة) مصر . دار الكتب المصرية
020 ## - الرقم الدولى المعيارى للكتب
الرقم الدولى المعيارى للكتاب 9773990494
040 ## - مصدر الفهرسة
وكالة الفهرسة الأصلية EG-CaGPL
082 04 - رقم تصنيف ديوى العشرى
رقم الطبعة 21
رقم التصنيف 818.02\
رقم المادة ع ش
100 0# - المدخل الرئيسى - إسم شخصى
الإسم الشخصى عمر طاهر
245 10 - بيان العنوان
العنوان شكلها باظت :
بقية العنوان البوم اجتماعى ساخر /
بيان المسئوليه,etc عمر طاهر
250 ## - بيان الطبعة
بيان الطبعة ط15
260 ## - PUBLICATION, DISTRIBUTION, ETC. (IMPRINT)
تاريخ النشر أو التوزيع 2005 .
300 ## - الوصف المادى
التعداد 205 ص ؛
أبعاد الوعاء 19 سم .
650 04 - المدخل الاضافى بالموضوع-مصطلح موضوعى
مصطلح موضوعي الادب العربى
650 04 - المدخل الاضافى بالموضوع-مصطلح موضوعى
مصطلح موضوعي المقالات العربية
650 04 - المدخل الاضافى بالموضوع-مصطلح موضوعى
مصطلح موضوعي الادب الساخر
942 ## - عناصر المدخل الإضافي( كوها)
مصدر التصنيف او مخطط الترفيف Dewey Decimal Classification
Koha [default] item type كتاب
260 ## - PUBLICATION, DISTRIBUTION, ETC. (IMPRINT)
-- القاهرة :
-- اطلس للنشر و الانتاج الاعلامى ،
Holdings
حالة التراجع حالة الفقد حالة تلف ليس للاعارة المكان المؤقت الموقع الحالى تاريخ الاكتساب اجمالي اﻻعارات رقم الطلب الباركود تاريخ اخر مشاهدة تاريخ تفعيل السعر نوع وعاء كوها
        مكتبة القاهرة الكبرى مكتبة القاهرة الكبرى 06/22/2015   818.02\ ع ش 160735 06/22/2015 06/22/2015 كتاب

Powered By

EGPV